Antonio y Cleopatra

Сохранить в:
Библиографические подробности
Главный автор: Shakespeare, William (Автор)
Формат:
Язык:испанский
Опубликовано: Madrid Espasa-Calpe 1968
Редактирование:4a. ed
Предметы:
Метки: Добавить метку
Нет меток, Требуется 1-ая метка записи!

MARC

LEADER 00000nam a2200000 a 4500
001 UCQ3213
003 CL-VaPUC
008 980817e19680000SP |||||||||||||||||spa|d
082 0 4 |a 822  |b SHA  |2 21 
100 |a Shakespeare, William  |e author  |9 265757 
245 1 0 |a Antonio y Cleopatra 
250 |a 4a. ed 
300 |a 151 p 
942 |c BK 
945 |d 19980817 00:00:00  |a crobeson 
260 |a Madrid  |b Espasa-Calpe  |c 1968 
650 0 |a Dramas ingleses  |9 269396 
650 0 |a Literatura inglesa  |9 312907 
583 |a last modification  |c 19980817 00:00:00  |k Rodrigo Vera 
999 |c 273811  |d 273809 
952 |0 0  |1 0  |4 0  |6 822_000000000000000_SHA_1968  |7 0  |8 A  |9 309691  |a BIBEDU  |b BIBEDU  |d 2019-11-20  |i 145269K  |o 822 SHA 1968  |p 145269K  |r 2019-11-20  |w 2019-11-20  |y BK  |k LIT